Úloha a postavenie skupiny G 20 počas globálnej hospodárskej a finančnej krízy diplomová práca

Guardado en:
Detalles Bibliográficos
Autor principal: Poričanin, Ammar
Autor Corporativo: Národohospodárska fakulta EU. Katedra financií
Otros Autores: Brocková, Ingrid
Formato: Libro
Lenguaje:eslovaco
Publicado: Bratislava 2016
Etiquetas: Agregar Etiqueta
Sin Etiquetas, Sea el primero en etiquetar este registro!

MARC

LEADER 00000nbm a2200000 4500
001 0217998
005 20170104133953.2
041 0 |a slo 
044 |a SK 
245 1 0 |a Úloha a postavenie skupiny G 20 počas globálnej hospodárskej a finančnej krízy  |b diplomová práca  |c Ammar Poričanin ; školiteľ: Ingrid Brocková 
264 1 |a Bratislava  |c 2016 
300 |a 62 s. 
100 1 |a Poričanin, Ammar 
700 1 |a Brocková, Ingrid 
710 2 |a Národohospodárska fakulta EU. Katedra financií